Taylor Swift - Chansons par acronymes 4 - Statistiques

Statistiques générales
  • Ce quiz a été pris 465 fois
    391 depuis la dernière actualisation
  • Le résultat moyen est 9 sur 19
Statistiques - réponses
Hint Réponse % Correct
YBWM You Belong With Me
87%
CIWYW Call It What You Want
81%
AOTGYLB All Of The Girls You Loved Before
73%
TSMWEL The Smallest Man Who Ever Lived
73%
DWOHT Dancing With Our Hands Tied
68%
BDILH But Daddy I Love Him
57%
SLL So Long, London
53%
IOMWIWY I'm Only Me When I'm With You
46%
TSOU The Story Of Us
46%
TMIK The Moment I Knew
41%
BTD Back To December
38%
MTR My Tears Ricochet
36%
MPF Mr. Perfectly Fine
31%
TTDS ’Tis The Damn Season
29%
APGH A Perfectly Good Heart
28%
SBT Sad Beautiful Tragic
25%
SOG State of Grace
16%
CLM Cowboy Like Me
15%
SIO Shake It Off
14%
Aucun quiz correspondant
Distribution des résultats
% des personnes avec chaque résultat
Percentile par nombre de réponses
Votre historique - résultats
Vous n’avez pas pris ce quiz depuis la dernière actualisation